LEADER 02010nam 2200385Ia 450 001 996389617503316 005 20200824132452.0 035 $a(CKB)4940000000094021 035 $a(EEBO)2248549739 035 $a(OCoLC)ocm53981605e 035 $a(OCoLC)53981605 035 $a(EXLCZ)994940000000094021 100 $a20040106d1700 uy 0 101 0 $aeng 135 $aurbn||||a|bb| 200 02$aA supplement to the new version of Psalms by N. Tate and N. Brady$b[electronic resource] $eContaining, I. The usual hymns, creed, Lord's Prayer, Ten Commandments, all set to their proper tunes, with additional hymns for the holy sacrament, &c. II. Select psalms in particular measures to supply the whole variety of metres that are in the old version, with duplicates to most of them, and Gloria Patris, and the proper tune for each metre. III. A set of tunes for the foresaid new version of the Psalms 210 $aLondon $cPrinted by J. Heptinstall, and sold by D. Brown, ..., J. Wild, ... and most booksellers$d1700 215 $a69, [3] p. $cmusic 300 $aAdvertisement for the Supplement precedes title page. 300 $aIncludes index. 300 $aReproduction of the original in the National Library of Scotland. 327 $aThe usual hymns &c. to the proper tunes -- Psalms done in particular measures to make up the whole variety of metres that are in the old version, with their proper tunes -- The usual tunes for Psalms of common measure -- The tunes for Psalms of particular measures most usually sung. 330 $aeebo-0097 606 $aPsalms (Music)$y17th century 606 $aHymns, English$y17th century 615 0$aPsalms (Music) 615 0$aHymns, English 701 $aTate$b Nahum$f1652-1715.$0709613 701 $aBrady$b Nicholas$f1659-1726.$01002656 801 0$bEAE 801 1$bEAE 906 $aBOOK 912 $a996389617503316 996 $aA supplement to the new version of Psalms by N. Tate and N. Brady$92383908 997 $aUNISA LEADER 01985nas 2200481-a 450 001 996532469703316 005 20230215213018.0 011 $a2155-9856 035 $a(OCoLC)49119793 035 $a(CKB)2650000000000122 035 $a(CONSER)--2006267570 035 $a(EXLCZ)992650000000000122 100 $a20020222a19949999 --- a 101 0 $aeng 135 $aur||||||||||| 181 $ctxt$2rdacontent 182 $cc$2rdamedia 183 $acr$2rdacarrier 200 10$aArthropod management tests 210 $aAnnapolis, MD $cEntomological Society of America 210 3 $aCary, NC $cOxford University Press 300 $aRefereed/Peer-reviewed 311 $a2155-9848 330 $aPublishes short reports on preliminary and routine screening tests for management of arthropods which may be harmful (e.g., pests and disease vectors of plants, animals and humans) or beneficial (e.g., parasitoids, predators and diseases of pests, honey bees, silkworm, etc.). Pest management methods reported in this publication may be those using chemical pesticides as well as other materials such as insect growth regulators, semiochemicals (pheromones, kairomones, etc.), traps, bio-control agents, pest-resistant plants and animals. 517 3 $aAMT 531 0 $aArthropod manag. tests 606 $aArthropod pests$xControl$vPeriodicals 606 $aInsecticides$vPeriodicals 606 $aBeneficial insects$xControl$vPeriodicals 606 $aArthropod pests$xControl$2fast$3(OCoLC)fst00817134 606 $aInsecticides$2fast$3(OCoLC)fst00974052 608 $aPeriodicals.$2fast 615 0$aArthropod pests$xControl 615 0$aInsecticides 615 0$aBeneficial insects$xControl 615 7$aArthropod pests$xControl. 615 7$aInsecticides. 676 $a632.7 712 02$aEntomological Society of America. 906 $aJOURNAL 912 $a996532469703316 996 $aArthropod management tests$93365604 997 $aUNISA